Стратегії та тактики судді в американському судовому дискурсі (Запис № 461150)

МАРК-запис
000 -Лідер
fixed length control field 02678nam a22002657a 4500
001 - Контрольний номер
control field 216219141
003 - Ідентифікатор контрольного номера
control field UA-OsUOA
005 - Дата та час останнього входження (трансакції)
control field 20210118134208.0
008 - Елементи даних фіксованої довжини – загальна інформація
fixed length control field 200828b un ||||| m||| 00| 0 ukr d
040 ## - Джерело каталогізації
Агенція оригінальної каталогізації UA-OsUOA
Мова каталогізації ukr
Агенція, яка здійснювала перезапис UA-OsUOA
Агенція, яка здійснювала модифікацію UA-OsUOA
041 ## - Код мови
Код мови тексту/ звукової доріжки чи окремого заголовка (П) ukr
080 ## - Індекс Універсальної десяткової класифікації
Індекс Універсальної десяткової класифікації (УДК) (НП) 811.111'42
090 ## - Локальний шифр розміщення
Класифікаційний індекс УДК 811.111'42
095 ## - Код спеціальності для авторефератів
Код спеціальності 10.02.04
Назва спеціальності германські мови
100 ## - Основне введення – ім’я особи
Ім’я особи (НП) Кобзєва О. О.
245 ## - Відомості про назву
Назва (НП) Стратегії та тактики судді в американському судовому дискурсі
Дані про відповідальність (НП) Кобзєва Олена Олександрівна ; наук. керівник Фролова Ірина Євгенівна
260 ## - Публікація, розповсюдження і т.п. (Вихідні дані)
Місце публікації, розповсюдження і т.п. (П) Харків
Дата публікації, розповсюдження і т.п. (П) 2017
300 ## - Фізичний опис
Обсяг 20 с.
502 ## - Примітка про дисертацію
Зв'язок Автореферат дисертації на здобуття наукового ступеня кандидата філологічних наук<br/>
Наймення інституції, що представляється Харківський національний університет імені В. Н. Каразіна
Рік отримання вченого ступеня 2017
520 ## - Резюме і т.п.
Резюме, реферат, анотація, тощо (НП) Дисертацію присвячено виявленню стратегічних характеристик висловлень, продукованих суддею в судовому засіданні — провідному жанрі американського судового дискурсу. Дискурсивна стратегія судці визначена його інституційною роллю та структурована глобальною стратегією УПРАВЛІННЯ, локальними стратегіями розпорядження, контролю, апеляції ДО НОРМ І ПРОЦЕДУР, узгодження позицій, мовленнєвими стратегіями спонукання, дозволу/заборони, інформування, метакомунікативною стратегією та тактиками цих стратегій. Кожній тактиці властивий певний набір прийомів та/або вербальних засобів реалізації. Мовленнєві стратегії демонструють якісно-кількісне варіювання під впливом ситуаційних чинників та кількісне варіювання під впливом дискурсивної особистості судді.
650 ## - Додаткове предметне введення – тематичний термін
Джерело заголовка чи терміна UDC
Тематичний термін чи географічна назва, як елемент введення (НП) 811.111 Англійська мова
942 ## - Додаткові елементи входу (Коха)
Source of classification or shelving scheme Universal Decimal Classification
Тип елемента Koha Автореферат
955 ## - Код типу видання за змістом
Код типу видання за змістом (НП) Наукові видання

Немає доступних примірників.